000
00325nam a2200121 a 4500
005
20140414132119.0
008
111123s19uu xx 00 eng d
050
_a
ER
_b
G61 1991
100
_a
Goodall, John
245
_a
Great days of a country house.
260
_a
New York :
_b
Margaret K. McElderry,
_c
1991.
999
_c
115008
_d
115008